Lobkowiczové
| Titel: | Lobkowiczové : popel jsem a popel budu / Pavel Juřík |
|---|---|
| Verfasser: | |
| Ausgabe: | Vydání první |
| Veröffentlicht: | Praha : Knižní klub, [2017] |
| Umfang: | 158 Seiten : Illustrationen ; 25 cm |
| Format: | Buch |
| Sprache: | Tschechisch |
| Schriftenreihe/ mehrbändiges Werk: |
Universum |
| ISBN: | 9788024254296 ; 8024254298 |
| Hinweise zum Inhalt: |
Inhaltsverzeichnis
|
alg: 41733764 001A $06000:28-09-17 001B $01999:03-08-18 $t11:25:57.000 001C $06000:05-07-18 $t21:09:57.000 001D $06000:28-09-17 001U $0utf8 001X $00 002@ $0Aax 002C $aText $btxt $2rdacontent 002D $aohne Hilfsmittel zu benutzen $bn $2rdamedia 002E $aBand $bnc $2rdacarrier 003@ $0417337647 003O $01013165774 $aOCoLC 004A $A978-80-242-5429-6 $fFesteinband 004A $080-242-5429-8 006G $0113872856X 006H $0TOCNEUA1739 $2DNB 006U $018,A27 $f20170823 007A $0113872856X $aDNB 007G $0DE020126506681D7AD7BBC12582DE002BE612 009P $qapplication/pdf $A2 $3Inhaltsverzeichnis $uhttp://scans.hebis.de/HEBCGI/show.pl?41733764_toc.pdf $mV:DE-603;B:DE-Mb50 010@ $acze 010E $erda 011@ $a2017 $n[2017] 017A $asf 021A $aLobkowiczové $dpopel jsem a popel budu $hPavel Juřík 028A $BVerfasser $4aut $7139166661 $8Juřík, Pavel$Z1965- [Tp3] $921565708X 032@ $aVydání první 033A $pPraha $nKnižní klub 034D $a158 Seiten 034I $a25 cm 034M $aIllustrationen 036G $aUniversum 044K $qDNB $#Lobkowicz$7119531402 $8$PLobkowitz$lFamilie [Tp1] $9087871009 045E $c920 $c940 045R $aGeschichte lok: 41733764 24 exp: 41733764 24 1 #EPN 201B/01 $020-07-18 $t13:20:10.000 201C/01 $028-11-17 201U/01 $0utf8 203@/01 $01012094626 208@/01 $a20-07-18 $bz 209A/01 $a18.00910 $du $f050 $h18 00910 $x00 209C/01 $a18.00910 K $h18 00910 K 209G/01 $a73936390 $x00 220C/01 $akon 247C/01 $8358050-7 Marburg, Bibliothek des Herder-Instituts Marburg $9102600961 lok: 41733764 78 exp: 41733764 78 1 #EPN 201B/01 $001-02-23 $t14:12:37.000 201C/01 $001-02-23 201U/01 $0utf8 203@/01 $01225754860 208@/01 $a01-02-23 $be 209A/01 $a/ $f000 $x00 209A/01 $ab*p $x01 220C/01 $apgar 244Z/01 $#Böhmische Kronländer $#Länder der Böhmischen Krone $#Sudetenland $#Böhmen $#Mähren $#Mährisch-Schlesien $#Österreichisch-Schlesien $#Tschechische Sozialistische Republik Böhmische Länder $#Tschechei Böhmische Länder $#Země koruny české $74069573-6 $8--Tg1--Böhmische Länder $x01 $9085195553 247C/01 $82080>Marburg/Lahn, Herder-Institut, Forschungsbibliothek, Bibliographieportal $9336309341
| LEADER | 00000cam a22000002c 4500 | ||
|---|---|---|---|
| 001 | 417337647 | ||
| 003 | DE-603 | ||
| 005 | 20180803112557.0 | ||
| 007 | tu | ||
| 008 | 170928s2017 xx |||| | u00||u|cze | ||
| 015 | |a 18,A27 |2 dnb | ||
| 016 | 7 | |2 DE-101 |a 113872856X | |
| 020 | |a 9788024254296 |c Festeinband | ||
| 020 | |a 8024254298 | ||
| 035 | |a (DE-599)DNB113872856X | ||
| 035 | |a (OCoLC)1013165774 | ||
| 040 | |a DE-603 |b ger |c DE-603 |d DE-603 |e rda | ||
| 041 | |a cze | ||
| 084 | |a 920 |a 940 |q DE-101 |2 sdnb | ||
| 090 | |a b | ||
| 100 | 1 | |a Juřík, Pavel |d 1965- |e Verfasser |4 aut |0 (DE-603)21565708X |0 (DE-588)139166661 |2 gnd | |
| 245 | 0 | 0 | |a Lobkowiczové |b popel jsem a popel budu |c Pavel Juřík |
| 250 | |a Vydání první | ||
| 264 | 1 | |a Praha |b Knižní klub |c [2017] | |
| 300 | |a 158 Seiten |b Illustrationen |c 25 cm | ||
| 336 | |a Text |b txt |2 rdacontent | ||
| 337 | |a ohne Hilfsmittel zu benutzen |b n |2 rdamedia | ||
| 338 | |a Band |b nc |2 rdacarrier | ||
| 490 | 0 | |a Universum | |
| 600 | 3 | 7 | |a Lobkowitz |c Familie |0 (DE-588)119531402 |0 (DE-603)087871009 |2 gnd |
| 648 | 7 | |a Geschichte |2 gnd | |
| 856 | 4 | 2 | |m V:DE-603;B:DE-Mb50 |q application/pdf |u http://scans.hebis.de/HEBCGI/show.pl?41733764_toc.pdf |3 Inhaltsverzeichnis |
| 924 | 0 | |9 Mb 50 |a (DE-603)1012094626 |b DE-Mb50 |c HES |d c |g 18.00910 | |
| 924 | 0 | |9 2080 |a (DE-603)1225754860 |b DE-2080 |c HES |d d |g / | |


